| 000 | 00000nam##2200000za#4500 |
| 001 | 9.575259 |
| 003 | CaOODSP |
| 005 | 20220901140009 |
| 007 | cr ||||||||||| |
| 008 | 150406|1995||||xxc|||||o f|0| 0 eng|d |
| 040 | |aCaOODSP|beng |
| 043 | |an-cn--- |
| 086 | 1 |aJ3-7/1995-3E-PDF |
| 110 | 1 |aCanada.|bJustice Canada. |
| 245 | 10|aBarriers to justice - ethnocultural minority women and domestic violence : |h[electronic resource]|bdiscussion paper / |c[by] Nabid Roboubi, Sharon Bowles. Federal-Provincial-Territorial Working Group on Multicultural and Race-Relations in the Justice System. |
| 260 | |aOttawa - Ontario : |bJustice Canada |c1995. |
| 300 | |a20p.|breferences |
| 490 | 1 |aTechnical report|vTR1995-3e |
| 500 | |aUnedited. |
| 590 | |a12-40-Supp|b2012-10-23 |
| 720 | 1 |aBowles, Sharon |
| 720 | 1 |aRoboubi, Nabid |
| 775 | 08|tObstacles à la justice - les femmes de minorités ethnoculturelles et la violence familiale : |w(CaOODSP)9.604795 |
| 830 | #0|aTechnical report ;|vTR1995-3e|w(CaOODSP)9.505667 |
| 856 | 40|ahttp://publications.gc.ca|qPDF|s49 KB|uhttps://publications.gc.ca/collections/collection_2012/jus/J3-7-1995-3-eng.pdf|yTR1995-3e |